Der Große Kurfürst
| Main Author: | |
|---|---|
| Format: | Print Book |
| Language: | German |
| Subito Delivery Service: | Order now. |
| Check availability: | HBZ Gateway |
| WorldCat: | WorldCat |
| Interlibrary Loan: | Interlibrary Loan for the Fachinformationsdienste (Specialized Information Services in Germany) |
| Published: |
Mainz
Kirchheim
1902
|
| In: | Year: 1902 |
| Reviews: | Hardy, Edmund, König Asoka (1903) (Funk, Franz Xaver von, 1840 - 1907)
Spahn, Martin, Der grosse Kurfürst (1903) (Sell, Karl, 1845 - 1914) |
| Series/Journal: | Weltgeschichte in Karakterbildern Abt. 4, Neuere Zeit
Die Wiedergeburt Deutschlands im 17. Jahrhundert |
| Standardized Subjects / Keyword chains: | B
Frederick William I Brandenburg, Elector 1620-1688
|
MARC
| LEADER | 00000cam a2200000 c 4500 | ||
|---|---|---|---|
| 001 | 1130714101 | ||
| 003 | DE-627 | ||
| 005 | 20250703173822.0 | ||
| 007 | tu | ||
| 008 | 970812s1902 xx ||||| 00| ||ger c | ||
| 035 | |a (DE-627)1130714101 | ||
| 035 | |a (DE-576)060714107 | ||
| 035 | |a (DE-599)BSZ060714107 | ||
| 035 | |a (OCoLC)312571589 | ||
| 035 | |a (DE-604)8056575521 | ||
| 040 | |a DE-627 |b ger |c DE-627 |e rakwb | ||
| 041 | |a ger | ||
| 084 | |a 1 |2 ssgn | ||
| 084 | |a NK 9100 |2 rvk |0 (DE-625)rvk/126255: | ||
| 084 | |a NN 5560 |2 rvk |0 (DE-625)rvk/127006: | ||
| 100 | 1 | |0 (DE-588)118615874 |0 (DE-627)079405487 |0 (DE-576)209116013 |4 aut |a Spahn, Martin |d 1875-1945 | |
| 109 | |a Spahn, Martin 1875-1945 |a Spahn, Martin Junior 1875-1945 |a Spahn, M. 1875-1945 |a Spahn, Joh. Martin Adolf 1875-1945 |a Spahn 1875-1945 | ||
| 245 | 1 | 4 | |a Der Große Kurfürst |c von Martin Spahn |
| 246 | 3 | 0 | |a Charakterbildern |
| 264 | 1 | |a Mainz |b Kirchheim |c 1902 | |
| 300 | |a II, 151 S. |b zahlr. Ill., Kt. | ||
| 336 | |a Text |b txt |2 rdacontent | ||
| 337 | |a ohne Hilfsmittel zu benutzen |b n |2 rdamedia | ||
| 338 | |a Band |b nc |2 rdacarrier | ||
| 490 | 0 | |a Weltgeschichte in Karakterbildern |a Abt. 4, Neuere Zeit | |
| 490 | 0 | |a Die Wiedergeburt Deutschlands im 17. Jahrhundert | |
| 500 | |a In Fraktur | ||
| 583 | 1 | |a Archivierung/Langzeitarchivierung gewährleistet |f SLG |x XA-DE-BW |z Bibliothek des Bismarck-Gymnasiums Karlsruhe |2 pdager |5 DE-31 | |
| 583 | 1 | |a Archivierung/Langzeitarchivierung gewährleistet |f SLG |x XA-DE-BW |z Schlossbibliothek Baden-Baden |2 pdager |5 DE-31 | |
| 583 | 1 | |a Archivierung/Langzeitarchivierung gewährleistet |f SSG |x XA-DE-BW |2 pdager |5 DE-21 | |
| 601 | |a Kurfürst | ||
| 689 | 0 | 0 | |d p |0 (DE-588)11853596X |0 (DE-627)079336051 |0 (DE-576)165686472 |2 gnd |a Friedrich Wilhelm |c Brandenburg, Kurfürst |d 1620-1688 |
| 689 | 0 | |5 (DE-627) | |
| 787 | 0 | 8 | |i Rezension |a Funk, Franz Xaver von, 1840 - 1907 |t Hardy, Edmund, König Asoka |d 1903 |w (DE-627)150477969X |w (DE-576)434779695 |
| 787 | 0 | 8 | |i Rezension |a Sell, Karl, 1845 - 1914 |t Spahn, Martin, Der grosse Kurfürst |d 1903 |w (DE-627)1476212333 |w (DE-576)406212333 |
| 936 | r | v | |a NK 9100 |b Sammelbiografien, allg. |k Geschichte |k Weltgeschichte, Darstellungen Allgemeine Geschichte einzelner Staaten und Völker Teilgebiete der Geschichte, Sammelwerke |k Allgemeine Sammelwerke und Sammelbiografien |k Sammelbiografien |k Sammelbiografien, allg. |0 (DE-627)1271458225 |0 (DE-625)rvk/126255: |0 (DE-576)201458225 |
| 936 | r | v | |a NN 5560 |b Friedrich Wilhelm, der Große Kurfürst (1640 - 1688) |k Geschichte |k Neuere Geschichte |k Zeitalter des Absolutismus (1648 - 1789) |k Geschichte von 1648 bis 1740 |k Reichsgeschichte |k Aufstieg Brandenburg-Preußens |k Friedrich Wilhelm, der Große Kurfürst (1640 - 1688) |0 (DE-627)1271466872 |0 (DE-625)rvk/127006: |0 (DE-576)201466872 |
| 951 | |a BO | ||
| ELC | |b 1 | ||
| ITA | |a 1 |t 1 | ||
| LOK | |0 000 xxxxxcx a22 zn 4500 | ||
| LOK | |0 001 3013024704 | ||
| LOK | |0 003 DE-627 | ||
| LOK | |0 004 1130714101 | ||
| LOK | |0 005 20180619124518 | ||
| LOK | |0 008 180619||||||||||||||||ger||||||| | ||
| LOK | |0 040 |a DE-21 |c DE-627 |d DE-21 | ||
| LOK | |0 852 |a DE-21 | ||
| LOK | |0 852 1 |c Fn 31.4-4,1 |9 00 | ||
| LOK | |0 935 |a dika | ||
| LOK | |0 939 |a 19-06-18 |b l01 | ||
| ORI | |a SA-MARC-ixtheoa001.raw | ||
| SYG | 0 | 0 | |a Friedrich Wilhelm,der Große Kurfürst,1620-1688,Friedrich Wilhelm,Großer Kurfürst,1620-1688,Friedrich Wilhelm,der Grosse Kurfürst,1620-1688,Fredericus Guilielmus,Brandeburgum, Marchio, Heres,1620-1688,Fridericus Guilielmus,Brandeburgum, Marchio,1620-1688,Fridericus Gulielmus,Brandeburgum, Marchio,1620-1688,Fridericus Guilielmus,Brandeburgum, Elector,1620-1688,Fridericus Wilhelmus,Brandeburgum, Elector,1620-1688,Fridericus Wilhelmus,Brandenburg, Markgraf,1620-1688,Fridericus Vilelmus,Brandeburgum, Elector,1620-1688,Friderich Wilhelm,Brandenburg, Marggraf,1620-1688,Friederich Wilhelm,Brandenburg, Kurfürst,1620-1688,Friedrich Wilhelm,Cammin, Fürst,1620-1688,Friedrich Wilhelm,Hohenzollern, Graf,1620-1688,Friderich Wilhelm,Preußen, Herzog,1620-1688,Friedrich Wilhelm,Heiliges Römisches Reich, Kurfürst,1620-1688,Friedrich Wilhelm,von Hohenzollern,1620-1688,Frédéric Guillaume,Brandenbourg, Electeur,1620-1688,Fridericus Wilhelmus,Brandenburgum, Marchio,1620-1688,Friderich Wilhelm,Brandenburg, Kurfürst,1620-1688,Fridericus Wilhelmus,Brandenburg, Kurfürst,1620-1688,Friderich Wilhelm,Brandenburg, Markgraf,1620-1688,Friederich Wilhelm,Brandenburg, Marggrave,1620-1688,Fridericus Wilhelmus,Brandenburgensis, Marggravius,1620-1688,Friederich Wilhelm,Brandenburg, Markgraf,1620-1688,Friedrich Wilhelm,Brandenburg, Markgraf,1620-1688,Friedrich Wilhelm,der Große,1620-1688,Friedrich Wilhelm,Halberstadt, Fürst,1620-1688,Friedrich Wilhelm,Jülich-Cleve-Berg, Herzog,1620-1688,Friedrich Wilhelm,Krossen, Herzog,1620-1688,Friedrich Wilhelm,Magdeburg, Herzog,1620-1688,Friedrich Wilhelm,Minden, Fürst,1620-1688,Friedrich Wilhelm,Nürnberg, Burggraf,1620-1688,Friedrich Wilhelm,Pommern, Herzog,1620-1688,Friedrich Wilhelm,Schlesien, Herzog,1620-1688,Friedrich Wilhelm,Schwiebus, Herzog,1620-1688,Friedrich Wilhelm,Stettin, Herzog,1620-1688,Friedrich Wilhelm,zu Bütow,1620-1688,Friedrich Wilhelm,zu Ravenstein,1620-1688,Ravenstein, Friedrich Wilhelm zu,1620-1688,Ravensberg, Friedrich Wilhelm zu,1620-1688,Fedrico Guglielmo,Brandenburg, Kurfürst,1620-1688,Frédéric Guillaume,le Grand,1620-1688,Frédéric Guillaume,Brandenburg, Kurfürst,1620-1688,Frederick William,Brandenburgh, Elector,1620-1688,Friedrich Wilhelm,Preußen, Herzog,1620-1688,Friderich Wilhelm,Cammin, Fürst,1620-1688,Friderich Wilhelm,Preüssen, Herzog,1620-1688,Friderich Wilhelm,Hohenzollern, Graf,1620-1688,Friderich Wilhelm,der Große,1620-1688,Fridericus Guilielmus,Brandenburg, Kurfürst,1620-1688,Fridericus Wilhelmus,Brandenburg, Elector,1620-1688,Fréd́eric Guillaume,Brandenbourg, Electeur,1620-1688,Friedrich Wilhelm,Römisch-Deutsches Reich, Kurfürst,1620-1688,Friedrich Wilhelm,1620-1688,Fryderyk Wilhelm,1620-1688,Friedrich Wilhelm,Kurfürst von Brandenburg,1620-1688,Friedrich Wilhelm,Electeur de Brandenbourg,1620-1688,Friedrich Wilhelm,Elector of Brandenburg,1620-1688,Friedrich Wilhelm,Der Grosse Kurfürst,1620-1688,Friedrich Wilhelm,Le Grand Electeur,1620-1688,Friedrich Wilhelm,The Great Elector,1620-1688,Brandenburg, Friedrich Wilhelm,Kurfürst von,1620-1688,Fridericus Wilhelmus,Magnus Elector Brandenburgicus,1620-1688,Friedrich Wilhelm,Der Untadelige, Kurfürst von Brandenburg,1620-1688,Friedrich Wilhelm,Kurfürst zu Brandenburg,1620-1688,Friderich Wilhelm,Kurfürst zu Brandenburg,1620-1688,Friedrich Wilhelm,der Grosse,1620-1688,Fredericus Guilielmus,Marchio Brandeburgicus,1620-1688,Fredericus Guilielmus,Marchio Brandenburgicus,1620-1688,Фридрих Вильгельм,Бранденбург, Курфюрст,1620-1688,Der Untadeliche,1620-1688,Untadeliche, Der,1620-1688 |